| 000 | 00400nam a2200157Ia 4500 | ||
|---|---|---|---|
| 008 | 210323s9999||||xx |||||||||||||| ||und|| | ||
| 040 | _cSTCPL | ||
| 041 | _hENG | ||
| 082 |
_a265.6 _bDOM-F |
||
| 100 | _aDom Benedict Baur | ||
| 245 | 0 | _aFrequent confession | |
| 260 |
_aBombay _bSt. Paul Publications _c1959 |
||
| 300 | _a217 | ||
| 650 | _aSpiritual BeingsEINLEHRWERK FUR ERWACHSENE | ||
| 942 | _cBK | ||
| 999 |
_c33605 _d33605 |
||